| 000 | 00730nam a22002057a 4500 | ||
|---|---|---|---|
| 008 | 160715b xxu||||| |||| 00| 0 eng d | ||
| 020 | _a0-13-180985-7 | ||
| 082 | _aDC 658.3 C23 1995 | ||
| 100 |
_911380 _aCarrel, Michael R. |
||
| 245 |
_aHuman resource management: _bglobal strategies for managing a diverse workforce/ _cMichael R. Carrel, Norbert F. Elbert and Robert D. Hatfield. |
||
| 250 | _aFifth edition. | ||
| 260 |
_aNew Jersey: _bPrentice Hall, _cc1995. |
||
| 300 |
_axxii, 810 pages; _c25 cm. |
||
| 500 | _aIncludes index. | ||
| 650 | 0 |
_911385 _aHuman Resource Management. |
|
| 650 | 0 |
_911386 _aPersonnel Management. |
|
| 700 |
_911381 _aElbert, Norbert F. |
||
| 700 |
_911382 _aHatfield, Robert D. |
||
| 942 |
_2ddc _cDC |
||
| 999 |
_c3411 _d3411 |
||